Cardiff Airport Destinations (Cardiff, Wales, UK) - Map - Statistics

General Stats
  • This quiz has been taken 50 times
  • The average score is 22 of 31
Answers on the Map
Answers color-coded by a green-red scale on the quiz's map according to % correct below.
 
Answer Stats
Destination % Correct
Amsterdam
94%
Dublin
94%
Belfast (City)
91%
Palma de Mallorca
86%
Tenerife (South)
86%
Faro
83%
Málaga
83%
Gran Canaria
80%
Ibiza
80%
Alicante
77%
Menorca
77%
Toronto (Pearson)
77%
Larnaca
74%
Salzburg
74%
Antalya
71%
Corfu
71%
Kos
71%
Lanzarote
71%
Dubrovnik
69%
Heraklion
69%
Rhodes
69%
Paphos
66%
Zakynthos
66%
Burgas
63%
Fuerteventura
60%
Hurghada
60%
Dalaman
57%
Kefalonia
51%
Reus
51%
Chambéry
46%
Enfidha
43%
No matching quizzes found
Score Distribution
Percent of People with Each Score
Percentile by Number Answered
Your Score History
You have not taken this quiz